<?xml version="1.0" encoding="UTF-8"?>
<collection xmlns="http://www.loc.gov/MARC21/slim">
 <record>
  <leader>02503cam a2200469  c4500</leader>
  <controlfield tag="001">1154485129</controlfield>
  <controlfield tag="003">DE-627</controlfield>
  <controlfield tag="005">20240309182146.0</controlfield>
  <controlfield tag="007">cd uuu---uuuuu</controlfield>
  <controlfield tag="008">000413s1999    xx |||||q     00| ||ita c</controlfield>
  <datafield tag="035" ind1=" " ind2=" ">
   <subfield code="a">(DE-627)1154485129</subfield>
  </datafield>
  <datafield tag="035" ind1=" " ind2=" ">
   <subfield code="a">(DE-576)084485124</subfield>
  </datafield>
  <datafield tag="035" ind1=" " ind2=" ">
   <subfield code="a">(DE-599)BSZ084485124</subfield>
  </datafield>
  <datafield tag="035" ind1=" " ind2=" ">
   <subfield code="a">(OCoLC)313586892</subfield>
  </datafield>
  <datafield tag="040" ind1=" " ind2=" ">
   <subfield code="a">DE-627</subfield>
   <subfield code="b">ger</subfield>
   <subfield code="c">DE-627</subfield>
   <subfield code="e">rakwb</subfield>
  </datafield>
  <datafield tag="041" ind1=" " ind2=" ">
   <subfield code="a">ita</subfield>
  </datafield>
  <datafield tag="084" ind1=" " ind2=" ">
   <subfield code="a">6,14</subfield>
   <subfield code="2">ssgn</subfield>
  </datafield>
  <datafield tag="245" ind1="1" ind2="0">
   <subfield code="a">Atlante storico multimediale di Bologna</subfield>
   <subfield code="n">CD-ROM, Pt. 1</subfield>
   <subfield code="p">Dagli Etruschi al Duecento</subfield>
   <subfield code="c">a cura di Francesca Bocchi. Università di Bologna, Dipartimento di Discipline Storiche</subfield>
  </datafield>
  <datafield tag="264" ind1=" " ind2="1">
   <subfield code="a">[Bologna]</subfield>
   <subfield code="b">Grafis Multimedia Ed.</subfield>
   <subfield code="c">1999</subfield>
  </datafield>
  <datafield tag="300" ind1=" " ind2=" ">
   <subfield code="a">1 CD-ROM</subfield>
   <subfield code="c">12 cm</subfield>
   <subfield code="e">Beih. (4 S.)</subfield>
  </datafield>
  <datafield tag="336" ind1=" " ind2=" ">
   <subfield code="a">kartografisches Bild</subfield>
   <subfield code="b">cri</subfield>
   <subfield code="2">rdacontent</subfield>
  </datafield>
  <datafield tag="337" ind1=" " ind2=" ">
   <subfield code="a">Computermedien</subfield>
   <subfield code="b">c</subfield>
   <subfield code="2">rdamedia</subfield>
  </datafield>
  <datafield tag="338" ind1=" " ind2=" ">
   <subfield code="a">Computerdisk</subfield>
   <subfield code="b">cd</subfield>
   <subfield code="2">rdacarrier</subfield>
  </datafield>
  <datafield tag="490" ind1="1" ind2=" ">
   <subfield code="a">Atlante storico delle città italiane / dir. da Francesca Bocchi ...</subfield>
   <subfield code="a">2, Bologna / a cura di Francesca Bocchi</subfield>
   <subfield code="v">5,CD-ROM</subfield>
  </datafield>
  <datafield tag="500" ind1=" " ind2=" ">
   <subfield code="a">CD-Rom u.d.T.: Atlante storico multimediale di Bologna</subfield>
  </datafield>
  <datafield tag="538" ind1=" " ind2=" ">
   <subfield code="a">Versione Windows: Processore Pentium 133 o superiore; 16 Mb di Ram; sistema operativo Window 95; risoluzione video 640x480 a migliaia di colori; unità Cd-Rom 8x; scheda audito 16 bit. Per i filmati è necessario avere installato Apple QuickTime 3.0. Versione Macintosh: Processore PPC 601; 16 Mb di Ram; sistema operativo 7.6; risoluzione video 640x480 a migliaia di colori; unità Cd-Rom 8x; scheda audio 16 bit.</subfield>
  </datafield>
  <datafield tag="583" ind1="1" ind2=" ">
   <subfield code="a">Archivierung/Langzeitarchivierung gewährleistet</subfield>
   <subfield code="f">SSG</subfield>
   <subfield code="x">XA-DE-BW</subfield>
   <subfield code="2">pdager</subfield>
   <subfield code="5">DE-16</subfield>
  </datafield>
  <datafield tag="655" ind1=" " ind2="7">
   <subfield code="a">Atlas</subfield>
   <subfield code="0">(DE-588)4143303-8</subfield>
   <subfield code="0">(DE-627)105606529</subfield>
   <subfield code="0">(DE-576)209725206</subfield>
   <subfield code="2">gnd-content</subfield>
  </datafield>
  <datafield tag="655" ind1=" " ind2="7">
   <subfield code="a">CD-ROM</subfield>
   <subfield code="0">(DE-588)4139307-7</subfield>
   <subfield code="0">(DE-627)105636290</subfield>
   <subfield code="0">(DE-576)209693312</subfield>
   <subfield code="2">gnd-carrier</subfield>
  </datafield>
  <datafield tag="689" ind1="0" ind2="0">
   <subfield code="d">g</subfield>
   <subfield code="0">(DE-588)4007616-7</subfield>
   <subfield code="0">(DE-627)106372564</subfield>
   <subfield code="0">(DE-576)208871322</subfield>
   <subfield code="a">Bologna</subfield>
   <subfield code="2">gnd</subfield>
  </datafield>
  <datafield tag="689" ind1="0" ind2="1">
   <subfield code="a">z</subfield>
   <subfield code="2">gnd</subfield>
   <subfield code="a">Geschichte</subfield>
  </datafield>
  <datafield tag="689" ind1="0" ind2=" ">
   <subfield code="5">(DE-627)</subfield>
  </datafield>
  <datafield tag="700" ind1="1" ind2=" ">
   <subfield code="a">Bocchi, Francesca</subfield>
   <subfield code="4">oth</subfield>
  </datafield>
  <datafield tag="773" ind1="1" ind2="8">
   <subfield code="w">(DE-627)1185532056</subfield>
   <subfield code="w">(DE-576)115532056</subfield>
   <subfield code="g">CD-ROM, Pt. 1</subfield>
   <subfield code="q">1</subfield>
   <subfield code="7">nnnm</subfield>
  </datafield>
  <datafield tag="787" ind1="0" ind2="8">
   <subfield code="i">Rezensiert in</subfield>
   <subfield code="a">Riccetti, Lucio</subfield>
   <subfield code="t">[Rezension von: Francesca Bocchi (Hrsg.), Bologna, 1-5]</subfield>
   <subfield code="d">1999</subfield>
   <subfield code="w">(DE-627)1547003294</subfield>
   <subfield code="w">(DE-576)47700329X</subfield>
  </datafield>
  <datafield tag="830" ind1=" " ind2="0">
   <subfield code="a">Atlante storico delle città italiane</subfield>
   <subfield code="v">Emilia-Romagna ; 2, Bologna ; 5,CD-ROM</subfield>
   <subfield code="9">emil,2,5,1</subfield>
   <subfield code="w">(DE-627)1086617150</subfield>
   <subfield code="w">(DE-576)016617150</subfield>
   <subfield code="7">ns</subfield>
  </datafield>
  <datafield tag="935" ind1=" " ind2=" ">
   <subfield code="h">SWB</subfield>
   <subfield code="i">4165</subfield>
  </datafield>
  <datafield tag="951" ind1=" " ind2=" ">
   <subfield code="a">MV</subfield>
  </datafield>
  <datafield tag="990" ind1=" " ind2=" ">
   <subfield code="a">Bologna</subfield>
  </datafield>
  <datafield tag="990" ind1=" " ind2=" ">
   <subfield code="a">Geschichte</subfield>
  </datafield>
  <datafield tag="991" ind1=" " ind2=" ">
   <subfield code="a">Rezensiertes Werk</subfield>
  </datafield>
  <datafield tag="999" ind1=" " ind2=" ">
   <subfield code="a">KXP-PPN1154485129</subfield>
   <subfield code="e">4020933839</subfield>
  </datafield>
 </record>
</collection>
